Logo BPK

Biblioteka

Politechniki Koszalińskiej

Biochemical engineering fundamentals / (Rekord nr 29138)

Szczegóły MARC
000 -ETYKIETA REKORDU
podpole kontrolne o stałej długości 00498nam a2200193 i 4500
001 - NUMER KONTROLNY REKORDU
pole kontrolne bg
020 ## - MIĘDZYNARODOWY ZNORMALIZOWANY NUMER KSIĄŻKI - ISBN
ISBN 0070032122
040 ## - ŹRÓDŁO KATALOGOWANIA
Instytucja, która utworzyła rekord BPK
041 ## - KOD JĘZYKA
Kod języka tekstu pol
080 ## - UNIWERSALNA KLASYFIKACJA DZIESIĘTNA - UKD
UKD 577
920 ## - Międzynarodowy znormalizowany numer książki – ISBN
ISBN 0-07-003212-2
008 - POLE O STAŁEJ DŁUGOŚCI - DANE KONTROLNE
podpole kontrolne o stałej długości s pl f |000 0 pol
100 1# - NAZWA OSOBOWA
Nazwa osobowa BAILEY, James E.
245 #0 - TYTUŁ/ODPOWIEDZIALNOŚĆ
Tytuł Biochemical engineering fundamentals /
Pozostałe elementy strefy tytułu i oznaczenia odpowiedzialności James E. Bailey, David F. Ollis.
250 ## - STREFA WYDANIA
Oznaczenie wydania 2nd ed.
260 ## - STREFA ADRESU WYDAWNICZEGO
Miejsce wydania New York :
Nazwa wydawcy/dystrybutora McGraw-Hill Book Company,
Data publikacji, dystrybucji/powstania dokumentu 1986.
700 1# - HASŁO DODATKOWE - NAZWA OSOBOWA
Nazwa osobowa OLLIS, David F.
856 ## - LOKALIZACJA I DOSTĘP DO ELEKTRONICZNYCH DOKUMENTÓW ZDALNYCH
Link (URL) http://koha.tu.koszalin.pl/cgi-bin/koha/opac-detail.pl?biblionumber=29138
Tekst linku Katalog online BPK
942 ## - DODATKOWE ELEMENTY (KOHA)
Typ dokumentu Książka
Egzemplarze
Wycofany Status egzemplarza Uszkodzony Dostępność Lokalizacja stała Lokalizacja bieżąca Miejsce przechowywania Sygnatura Kod kreskowy Typ dokumentu
      Dostępny Biblioteka Politechniki Koszalińskiej Biblioteka Politechniki Koszalińskiej Wypożyczalnia BG 35196 01927078 Książka
© 2023 Biblioteka Politechniki Koszalińskiej :: KOHA